000 00785nam a2200205 a 4500
001 000045088
005 20201002045852.0
008 150202s1985 mx a 000 0 spa d
020 _a9688374466
040 _aDO-SdBNP
_bspa
_cBNPHU
082 _axxxx
_bxxxx
100 1 _aCamarillo Carbajal, María Teresa
_973105
245 1 3 _aLa represión a la prensa en América Latina :
_bhemerografía, 1978-1982 /
_cMaría Teresa Camarillo Carbajal.
260 _aMéxico :
_bUniversidad Nacional Autónoma de México,
_bImprenta Universitaria,
_c1985.
300 _axxxii, 143 p. :
_bil. ;
_c21 cm.
490 1 _aArchivo presente
_v1
500 _aIncluye referencias bibliográficas y notas al pie de las páginas
504 _aBibliografía : p. 145
830 0 _aArchivo presente ;
_n1
_973106
999 _c44577
_d44577